<?xml version="1.0" encoding="UTF-8"?>
<record
    xmlns:xsi="http://www.w3.org/2001/XMLSchema-instance"
    xsi:schemaLocation="http://www.loc.gov/MARC21/slim http://www.loc.gov/standards/marcxml/schema/MARC21slim.xsd"
    xmlns="http://www.loc.gov/MARC21/slim">

  <leader>01458nam2a22002651  4500</leader>
  <controlfield tag="001">RU\NLR\INFOCOMM29\5000130747</controlfield>
  <controlfield tag="005">20250617133423.0</controlfield>
  <datafield tag="035" ind1=" " ind2=" ">
    <subfield code="a">(NLR Aleph) 002634039</subfield>
  </datafield>
  <datafield tag="090" ind1=" " ind2=" ">
    <subfield code="a">3726833</subfield>
    <subfield code="c">3726833</subfield>
  </datafield>
  <datafield tag="100" ind1=" " ind2=" ">
    <subfield code="a">20050224d1959    |||y0rusy50      ca</subfield>
  </datafield>
  <datafield tag="101" ind1="0" ind2=" ">
    <subfield code="a">rus</subfield>
  </datafield>
  <datafield tag="102" ind1=" " ind2=" ">
    <subfield code="a">RU</subfield>
  </datafield>
  <datafield tag="105" ind1=" " ind2=" ">
    <subfield code="a">y   ||||000|y</subfield>
  </datafield>
  <datafield tag="200" ind1="1" ind2=" ">
    <subfield code="a">&#x420;&#x430;&#x446;&#x438;&#x43E;&#x43D;&#x430;&#x43B;&#x44C;&#x43D;&#x44B;&#x435; &#x444;&#x43E;&#x440;&#x43C;&#x44B; &#x437;&#x430;&#x442;&#x432;&#x43E;&#x440;&#x43E;&#x432; &#x438; &#x43F;&#x435;&#x440;&#x435;&#x445;&#x43E;&#x434;&#x43E;&#x432; &#x434;&#x43B;&#x44F; &#x442;&#x440;&#x443;&#x431;&#x43E;&#x43F;&#x440;&#x43E;&#x432;&#x43E;&#x434;&#x43E;&#x432; &#x413;&#x42D;&#x421; &#x438; &#x43D;&#x430;&#x441;&#x43E;&#x441;&#x43D;&#x44B;&#x445; &#x441;&#x442;&#x430;&#x43D;&#x446;&#x438;&#x439;</subfield>
    <subfield code="f">&#x411;.&#x418;. &#x42F;&#x43D;&#x44B;&#x448;&#x438;&#x43D;</subfield>
  </datafield>
  <datafield tag="210" ind1=" " ind2=" ">
    <subfield code="d">1959</subfield>
    <subfield code="a">&#x411;. &#x43C;.</subfield>
  </datafield>
  <datafield tag="225" ind1="1" ind2=" ">
    <subfield code="a">&#x422;&#x435;&#x43C;&#x430; 25. &#x413;&#x438;&#x434;&#x440;&#x43E;&#x441;&#x438;&#x43B;&#x43E;&#x432;&#x44B;&#x435; &#x443;&#x441;&#x442;&#x430;&#x43D;&#x43E;&#x432;&#x43A;&#x438;</subfield>
    <subfield code="v">&#x2116;9</subfield>
  </datafield>
  <datafield tag="461" ind1=" " ind2="0">
    <subfield code="1">001RU\NLR\INFOCOMM29\5000130052</subfield>
    <subfield code="1">2001#$a&#x41F;&#x435;&#x440;&#x435;&#x434;&#x43E;&#x432;&#x43E;&#x439; &#x43D;&#x430;&#x443;&#x447;&#x43D;&#x43E;-&#x442;&#x435;&#x445;&#x43D;&#x438;&#x447;&#x435;&#x441;&#x43A;&#x438;&#x439; &#x438; &#x43F;&#x440;&#x43E;&#x438;&#x437;&#x432;&#x43E;&#x434;&#x441;&#x442;&#x432;&#x435;&#x43D;&#x43D;&#x44B;&#x439; &#x43E;&#x43F;&#x44B;&#x442;$i[&#x41F;&#x440;&#x43E;&#x43C;&#x44B;&#x448;&#x43B;&#x435;&#x43D;&#x43D;&#x430;&#x44F; &#x44D;&#x43D;&#x435;&#x440;&#x433;&#x435;&#x442;&#x438;&#x43A;&#x430;]$f&#x410;&#x43A;&#x430;&#x434;. &#x43D;&#x430;&#x443;&#x43A; &#x421;&#x421;&#x421;&#x420;. &#x424;&#x438;&#x43B;&#x438;&#x430;&#x43B; &#x412;&#x441;&#x435;&#x441;&#x43E;&#x44E;&#x437;. &#x438;&#x43D;-&#x442;&#x430; &#x43D;&#x430;&#x443;&#x447;. &#x438; &#x442;&#x435;&#x445;&#x43D;. &#x438;&#x43D;&#x444;&#x43E;&#x440;&#x43C;&#x430;&#x446;&#x438;&#x438;$v1959, &#x2116;&#x42D;-59-93</subfield>
    <subfield code="9">3725046</subfield>
    <subfield code="c">&#x41C;.</subfield>
    <subfield code="d">1958-</subfield>
    <subfield code="f">&#x410;&#x43A;&#x430;&#x434;. &#x43D;&#x430;&#x443;&#x43A; &#x421;&#x421;&#x421;&#x420;. &#x424;&#x438;&#x43B;&#x438;&#x430;&#x43B; &#x412;&#x441;&#x435;&#x441;&#x43E;&#x44E;&#x437;. &#x438;&#x43D;-&#x442;&#x430; &#x43D;&#x430;&#x443;&#x447;. &#x438; &#x442;&#x435;&#x445;&#x43D;. &#x438;&#x43D;&#x444;&#x43E;&#x440;&#x43C;&#x430;&#x446;&#x438;&#x438;</subfield>
    <subfield code="i">[&#x41F;&#x440;&#x43E;&#x43C;&#x44B;&#x448;&#x43B;&#x435;&#x43D;&#x43D;&#x430;&#x44F; &#x44D;&#x43D;&#x435;&#x440;&#x433;&#x435;&#x442;&#x438;&#x43A;&#x430;]</subfield>
    <subfield code="t">&#x41F;&#x435;&#x440;&#x435;&#x434;&#x43E;&#x432;&#x43E;&#x439; &#x43D;&#x430;&#x443;&#x447;&#x43D;&#x43E;-&#x442;&#x435;&#x445;&#x43D;&#x438;&#x447;&#x435;&#x441;&#x43A;&#x438;&#x439; &#x438; &#x43F;&#x440;&#x43E;&#x438;&#x437;&#x432;&#x43E;&#x434;&#x441;&#x442;&#x432;&#x435;&#x43D;&#x43D;&#x44B;&#x439; &#x43E;&#x43F;&#x44B;&#x442;</subfield>
    <subfield code="v">1959, &#x2116;&#x42D;-59-93</subfield>
  </datafield>
  <datafield tag="700" ind1=" " ind2="1">
    <subfield code="a">&#x42F;&#x43D;&#x44B;&#x448;&#x438;&#x43D;</subfield>
    <subfield code="b">&#x411;.&#x418;.</subfield>
    <subfield code="4">070</subfield>
  </datafield>
  <datafield tag="801" ind1=" " ind2="1">
    <subfield code="a">RU</subfield>
    <subfield code="b">InfoComm</subfield>
    <subfield code="c">20050225</subfield>
  </datafield>
  <datafield tag="801" ind1=" " ind2="0">
    <subfield code="a">RU</subfield>
    <subfield code="b">NLR</subfield>
    <subfield code="g">PSBO</subfield>
  </datafield>
  <datafield tag="852" ind1=" " ind2=" ">
    <subfield code="a">NLR</subfield>
    <subfield code="j">&#x41F;11/1539</subfield>
  </datafield>
  <datafield tag="942" ind1=" " ind2=" ">
    <subfield code="c">ISSUE</subfield>
  </datafield>
  <datafield tag="980" ind1=" " ind2=" ">
    <subfield code="a">NB</subfield>
  </datafield>
  <datafield tag="980" ind1=" " ind2=" ">
    <subfield code="a">RUSPER</subfield>
  </datafield>
</record>
